LEADER 00986nam a2200241 i 4500 001 000000245798 003 CaOOAMICUS 005 20151016000000.0 008 151016s1942 it u000 u ita u 013 $a224703 040 $aSeMil$bita 100 1 $aAletti, Arturo.$0(OLS)http://semarc/name/39409 245 10$aCostruire la vita :$bsaggio sull'etica della fatica /$cArturo Aletti. 260 $aMilano :$bVita e Pensiero,$c1942. 300 $aXIV, 223 p. ;$c20 cm. 500 $aDedica autografa dell'autore al card. Colombo. - Fondo card. Giovanni Colombo. 650 4$aFatica fisica - Saggi.$0(OLS)http://semarc/subject/37559 850 $aSeMil 852 $aSeMil$W1$xVenegono$y1$m3GC I 525$j196144$B196144$CSeMilBibl$Z2$F206960 $8B 941 1 $a3 961 $aLascito: Colombo Card. Giovanni 996 $6245$aCostruire la vita :$bsaggio sull'etica della fatica$9(OLS)http://semarc/title/341288 996 $6260$aMilano :$bVita e Pensiero$9(OLS)http://semarc/publisher/29642 LEADER 01156nam a2200241 i 4500 001 000000045498 003 CaOOAMICUS 005 20120204000000.0 008 120204s1966 it u000 u ita u 013 $a16668 040 $aSeMil$bita 100 1 $aRiva, Clemente,$c.$0(OLS)http://semarc/name/22549 245 13$aLa Chiesa incontra gli uomini :$bla 4. Sessione del Concilio Ecumenico /$cClemente Riva ; prefazione del prof. Gabrio Lombardi. 260 $aBrescia :$bMorcelliana,$c1966. 300 $a399 p. ;$c19 cm. 490 0 $aUniversale moderna Morcelliana : questioni e problemi d'oggi ;$v25 650 4$aSpiritualitą - Testi.$0(OLS)http://semarc/subject/1342 700 1 $aLombardi, Gabrio ,$d<1913-1994>.$0(OLS)http://semarc/name/8589 830 0$aUniversale moderna Morcelliana ;$v25.$0(OLS)http://semarc/title/6311 850 $aSeMil 852 $aSeMil$W1$xVenegono$y1$m2C I 226$j11653$B11653$CSeMilBibl$Z2$F11653 $81 996 $6245$aLa Chiesa incontra gli uomini :$bla 4. Sessione del Concilio Ecumenico$9(OLS)http://semarc/title/67644 996 $6260$aBrescia :$bMorcelliana$9(OLS)http://semarc/publisher/29629